000 00361cam a22001337a 4500
008 180718b1958 xxu||||| |||| 00| 0 eng d
082 _aT41 M697
100 _aMitra, Rabindra Nath
245 _aA tract on money
_cby Rabindra Math Mitra and Himansu Roy
260 _aCalcutta
_bWorld Press
_c1958
300 _a195p.
650 _aMoney
700 _aRoy, Himansu
999 _c374149
_d374149